Le travail scolaire (Record no. 3164)

MARC details
000 -LEADER
fixed length control field 01772nam a2200277 4500
008 - FIXED-LENGTH DATA ELEMENTS--GENERAL INFORMATION
fixed length control field s2005 fr fre u
020 ## - INTERNATIONAL STANDARD BOOK NUMBER
International Standard Book Number 9782091219080
040 ## - CATALOGING SOURCE
Original cataloging agency LB-BrCRDP
082 1# - DEWEY DECIMAL CLASSIFICATION NUMBER
Classification number 370.15
Item number SEM
100 1# - MAIN ENTRY--PERSONAL NAME
Personal name Sembel, Nicolas
245 13 - TITLE STATEMENT
Title Le travail scolaire
Statement of responsibility, etc. Nicolas Sembel
260 ## - PUBLICATION, DISTRIBUTION, ETC.
Place of publication, distribution, etc. Paris
Name of publisher, distributor, etc. Nathan
Date of publication, distribution, etc. 2005
300 ## - PHYSICAL DESCRIPTION
Extent 128 p.
Dimensions 18 cm
490 0# - SERIES STATEMENT
Series statement Education en poche
500 ## - GENERAL NOTE
General note Sommaire, bibliographie, index.
520 ## - SUMMARY, ETC.
Summary, etc. Le travail scolaire dont il est question est celui des élèves et des étudiants.Ce thème est abordé dans une perspective sociologique, avec des ouvertures ponctuelles vers d'autres disciplines (pédagogie, didactique, psychosociologie du travail, psychologie). La réflexion prend appui sur des notions classiques comme l'instruction, la morale, l'intérêt intellectuel. Cet ouvrage part de l'hypothèse que la sociologie du travail scolaire proprement dit reste à construire. Aussi l'auteur aborde des notions originales comme le travail "inefficace", le travail "pour soi" et le pouvoir intellectuel des élèves, la dimension conflictuelle du travail scolaire, la culture scolaire pluraliste.La présentation de sept caractéristiques du travail scolaire (travail prescrit, rationalisé, efficace, marqué socialement, utilitaire, séparé et "malgré" l'école), communes aux contextes les plus divers, est illustrée par une revue critique de la question, et renouvelle ainsi l'approche d'un thème apparemment bien connu.
650 4# - SUBJECT ADDED ENTRY--TOPICAL TERM
Topical term or geographic name entry element Pédagogie
650 4# - SUBJECT ADDED ENTRY--TOPICAL TERM
Topical term or geographic name entry element Didactique
650 4# - SUBJECT ADDED ENTRY--TOPICAL TERM
Topical term or geographic name entry element Apprentissage scolaire
650 4# - SUBJECT ADDED ENTRY--TOPICAL TERM
Topical term or geographic name entry element Education
650 4# - SUBJECT ADDED ENTRY--TOPICAL TERM
Topical term or geographic name entry element Enseignement
650 4# - SUBJECT ADDED ENTRY--TOPICAL TERM
Topical term or geographic name entry element Travail scolaire
650 4# - SUBJECT ADDED ENTRY--TOPICAL TERM
Topical term or geographic name entry element Psychosociologie
942 ## - ADDED ENTRY ELEMENTS (KOHA)
Koha item type Books
Holdings
Withdrawn status Lost status Source of classification or shelving scheme Damaged status Not for loan Home library Current library Shelving location Date acquired Source of acquisition Cost, normal purchase price Total Checkouts Full call number Barcode Date last seen Copy number Price effective from Koha item type
    Dewey Decimal Classification     مكتبة دار المعلمين و المعلمات - النبطية مكتبة دار المعلمين و المعلمات - النبطية Salle de Lecture 01/14/2009 Ambassade de France 0.00   371.36 SEM CRN2563 07/28/2016 1 07/28/2016 Books
    Dewey Decimal Classification     مكتبة دار المعلمين و المعلمات - جونية مكتبة دار المعلمين و المعلمات - جونية Salle de Lecture 05/26/2010 Ambassade de France 10.00   371.3 SEM. CRJ4244 07/27/2016 1 07/27/2016 Books
    Dewey Decimal Classification     مكتبة دار المعلمين و المعلمات - زحلة مكتبة دار المعلمين و المعلمات - زحلة Salle de Lecture 11/03/2008 Amb. de France 9.95   370.15 SEM CRZ3365 07/27/2016 1 07/27/2016 Books
    Dewey Decimal Classification     مكتبة دار المعلمين و المعلمات - صيدا مكتبة دار المعلمين و المعلمات - صيدا Salle de Lecture 09/26/2008 Ambassade de France 0.00   371 SEM CRS2691 07/28/2016 1 07/28/2016 Books
    Dewey Decimal Classification     مكتبة دار المعلمين و المعلمات - طرابلس مكتبة دار المعلمين و المعلمات - طرابلس Salle de Lecture 11/20/2008 Ambassade de France 0.00   370.7 SEM CRT2544 07/27/2016 1 07/27/2016 Books